Statistics for Click the 2022 World Cup Quarterfinalist

Click here to take the quiz!

General Stats

  • This quiz has been taken 30,185 times
    (30,180 since last reset)
  • The average score is 9 of 16

Answer Stats

HintAnswer% Correct
Has won more World Cups than any other countryBrazil
83%
Located in the MaghrebMorocco
76%
Has a flag that is only red and whiteEngland
71%
On the equatorBrazil
69%
Known for its casbahsMorocco
68%
Touches the Adriatic SeaCroatia
67%
The first country to legalize same-sex marriageNetherlands
64%
The birthplace of Pope FrancisArgentina
63%
The least populous country on this quizCroatia
61%
Most of its electricity comes from nuclear powerFrance
56%
Home to the highest mountain outside of AsiaArgentina
52%
Where gouda cheese comes fromNetherlands
50%
Has 12 time zones, more than any other countryFrance
42%
Not a member of the United NationsEngland
37%
The world's leading producer of corkPortugal
31%
Was home to Prince Henry the NavigatorPortugal
29%

Score Distribution

Percentile by Number Answered

Percent of People with Each Score

Your Score History

You have not taken this quiz since the last reset